Word Microsoft 365: funciones básicas (Registro nro. 13472)
[ vista simple ]
| 000 -CABECERA | |
|---|---|
| campo de control de longitud fija | 00943nam a2200373 4500 |
| 005 - FECHA Y HORA DE ACTUALIZACIÓN | |
| campo de control | 20230224194231.0 |
| 008 - LONGITUD FIJA | |
| campo de control de longitud fija | 230224b2022 |||||||| |||| 00| 0 spa d |
| 020 ## - INTERNATIONAL STANDARD BOOK NUMBER | |
| Número Internacional Estándar del Libro | 9782409034725 |
| 041 ## - IDIOMA | |
| Código de idioma del texto/pista de sonido o título separado | Español |
| 082 ## - CLASIFICACIÓN DECIMAL DEWEY | |
| Número de clasificación | 005.52 W924wo |
| 245 ## - TÍTULO PROPIAMENTE DICHO | |
| Título | Word Microsoft 365: funciones básicas |
| 260 ## - PIE DE IMPRENTA | |
| Lugar de publicación, distribución, etc. | España |
| 260 ## - PIE DE IMPRENTA | |
| Nombre del editor, distribuidor, etc. | Ediciones ENI |
| 260 ## - PIE DE IMPRENTA | |
| Fecha de publicación, distribución, etc. | 2022 |
| 300 ## - DESCRIPCIÓN FÍSICA | |
| Extensión | 252 páginas |
| 650 ## - Materia General | |
| Materia general | PROCESADORES ELECTRÓNICOS DE TEXTO |
| 650 ## - Materia General | |
| Materia general | OFIMÁTICA |
| 650 ## - Materia General | |
| Materia general | WORD |
| 650 ## - Materia General | |
| Materia general | GESTIÓN DE DOCUMENTOS |
| 650 ## - Materia General | |
| Materia general | MODIFICACIÓN DE DATOS |
| 650 ## - Materia General | |
| Materia general | IMPRESIÓN DE PÁGINAS |
| 650 ## - Materia General | |
| Materia general | TABLAS |
| 650 ## - Materia General | |
| Materia general | OBJETOS |
| 650 ## - Materia General | |
| Materia general | GRÁFICOS |
| 692 ## - Carreras | |
| Carrera | Dirección y Administración de Empresas |
| 692 ## - Carreras | |
| Carrera | Electrónica |
| 692 ## - Carreras | |
| Carrera | Investigación Criminal |
| 692 ## - Carreras | |
| Carrera | Mecánica Dental |
| 692 ## - Carreras | |
| Carrera | Secretariado Ejecutivo |
| 692 ## - Carreras | |
| Carrera | Tecnologías de Información |
| 692 ## - Carreras | |
| Carrera | Turismo |
| 942 ## - Punto de Acceso Adicional Koha | |
| Fuente del sistema de clasificación o colocación | Dewey Decimal Classification |
| Tipo de ítem Koha | Libro |
| Estado perdido | Estado dañado | No para préstamo | Biblioteca permanente | Biblioteca actual | Signatura completa | Código de barras | Precio efectivo a partir del | Programa Académico | Tipo de ítem |
|---|---|---|---|---|---|---|---|---|---|
| Departamento de Biblioteca y Documentación Alfonso Chase Brenes | Departamento de Biblioteca y Documentación Alfonso Chase Brenes | 005.52 W924wo | 25539 | 24/02/2023 | Libro |